00343nam a22001217a 450000500170000002000230001703500120004003700130005210000160006524500870008126000350016830000180020320120321125253.0 a0141004991c200.00 aB-30152 aDPLbENG aNarayan, G. aAs the river joins the ocean :bReflections about J. Krishnamurti /cby G. Narayan aNew DelhibPenguin Booksc1998 a92p.c18 cms.